| 000 | 01206nam a22002777a 4500 | ||
|---|---|---|---|
| 003 | OSt | ||
| 005 | 20230201090719.0 | ||
| 007 | c| ||||||a|c|a | ||
| 008 | 230131s2022 mx a|||fom||| 001 0 spa d | ||
| 040 | _erda | ||
| 100 | 1 |
_9185995 _aHernández Alonso, Beatriz |
|
| 245 | 1 |
_aEficiencia del humedal del Barrio de Santiaguito Texcoco, México, en el tratamiento de aguas residuales domésticas / _cpor Beatriz Hernández Alonso; director de tesis Langen Corlay Chee. |
|
| 264 | 1 |
_aChapingo, México : _bEl autor, _c2022. |
|
| 300 |
_a1 recurso en línea (86 páginas). _btablas. |
||
| 336 |
_2rdacontent _atexto _btxt |
||
| 337 |
_2rdamedia _acomputadora _bc |
||
| 338 |
_2rdacarrier _arecurso en línea _bcr |
||
| 502 |
_bII _cIrrigación _d2022. _gLIC |
||
| 504 | _aIncluye referencias bibliográficas: páginas 65-74. | ||
| 650 | 0 |
_9186140 _aHumedales artificiales _xEvaluación |
|
| 650 | 4 |
_9130737 _aAguas residuales _xAprovechamiento |
|
| 650 | 4 |
_92584 _aAguas residuales _xAnálisis |
|
| 700 | 1 |
_928007 _aCorlay Chee, Langen _eDirector de tesis. |
|
| 856 |
_uhttp://10.13.5.2/tesis/tl/2022_IR_Hernandez_Alonso_Beatriz.pdf _zDESCARGAR PDF |
||
| 942 |
_2Clasificación Universidad Autónoma Chapingo _cTD |
||
| 999 |
_c218189 _d218189 |
||